La guerra nacional /
Gespeichert in:
| 1. Verfasser: | |
|---|---|
| Format: | Unbekannt |
| Sprache: | Spanish |
| Veröffentlicht: |
San Salvador, El Salvador:
Canoa Editores,
1992
|
| Ausgabe: | 1. edición |
| Schlagworte: | |
| Tags: |
Tag hinzufügen
Keine Tags, Fügen Sie den ersten Tag hinzu!
|
MARC
| LEADER | 000000000a22000000004500 | ||
|---|---|---|---|
| 001 | 001212 | ||
| 008 | 170626b es a|||| |||| 00| f spa d | ||
| 041 | 0 | |a español | |
| 082 | |a ES863.44 |b C387g | ||
| 100 | 1 | |a Cea, José Roberto, |d 1939- | |
| 245 | 1 | 3 | |a La guerra nacional / |c José Roberto Cea |
| 250 | |a 1. edición | ||
| 260 | |a San Salvador, El Salvador: |b Canoa Editores, |c 1992 | ||
| 300 | |a 173 páginas : |b ilustraciones | ||
| 500 | |a Número de inscripción 10952 (Colección George Yúdice) | ||
| 650 | 4 | |a LITERATURA SALVADOREÑA |v NOVELA | |
| 942 | |2 ddc |c BK | ||
| 999 | |c 2295 |d 2295 | ||
